Statistiques concernant Quiz sur les tailles

Cliquez ici pour prendre le quiz!

Statistiques générales

  • Ce quiz a été pris 156 fois
  • Le résultat moyen est 5 sur 10

Statistiques - réponses

QuestionRéponse% Correct
Quel est la taille de Lionel Messi ?1,69m
75%
Quel est la taille (en superficie) de la France ?543 940km
65%
Quel est la taille de l'homme le plus grand au monde ?2,72m
64%
Quel est la taille d'élodie costa ?6 iphones
55%
Quel est la taille du tour de la Terre40 075km
45%
Quelle est la taille (en pouces) d'un Samsung Galaxy S22 Ultra6,8p
45%
Quel est la taille d'un sapin ?60cm à 10m
39%
Quel est la taille de la grande muraille de chine ?21 196km
37%
Quel est la taille de la tour eiffel ?300m
36%
Quel est la taille de dora l'exploratrice ?1,58m
28%

Distribution des résultats

Percentile par nombre de réponses

% des personnes avec chaque résultat

Votre développement - résultats

Vous n’avez pas pris ce quiz